Chemistry for Engineering Students / (Record no. 14792)
[ view plain ]
| 000 -LEADER | |
|---|---|
| fixed length control field | 01064nam a2200325 i 4500 |
| 001 - CONTROL NUMBER | |
| control field | 15874544 |
| 003 - CONTROL NUMBER IDENTIFIER | |
| control field | EG-ScBUE |
| 005 - DATE AND TIME OF LATEST TRANSACTION | |
| control field | 20250701085807.0 |
| 008 - FIXED-LENGTH DATA ELEMENTS--GENERAL INFORMATION | |
| fixed length control field | 090820t2011 cau f 001 0 eng d |
| 020 ## - INTERNATIONAL STANDARD BOOK NUMBER | |
| International Standard Book Number | 0538733640 |
| 020 ## - INTERNATIONAL STANDARD BOOK NUMBER | |
| International Standard Book Number | 9780538733649 |
| 040 ## - CATALOGING SOURCE | |
| Original cataloging agency | DLC |
| Language of cataloging | eng |
| Description conventions | rda |
| Transcribing agency | DLC |
| Modifying agency | EG-ScBUE |
| 082 ## - DEWEY DECIMAL CLASSIFICATION NUMBER | |
| Classification number | 540 |
| Item number | BRO |
| Edition number | 22 |
| 100 1# - MAIN ENTRY--PERSONAL NAME | |
| Personal name | Brown, Lawrence S., |
| Relator term | author. |
| 9 (RLIN) | 20630 |
| 245 10 - TITLE STATEMENT | |
| Title | Chemistry for Engineering Students / |
| Statement of responsibility, etc | Lawrence S. Brown, Texas A&M University, Thomas A. Holme, Lowa State University. |
| 250 ## - EDITION STATEMENT | |
| Edition statement | Second edition. |
| 250 ## - EDITION STATEMENT | |
| Edition statement | International edition. |
| 264 #1 - PUBLICATION, DISTRIBUTION, ETC. (IMPRINT) | |
| Place of publication, distribution, etc | Belmont, CA : |
| Name of publisher, distributor, etc | Brooks/Cole Cengage Learning, |
| Date of publication, distribution, etc | [2011] |
| 264 #4 - PUBLICATION, DISTRIBUTION, ETC. (IMPRINT) | |
| Date of publication, distribution, etc | c2011 |
| 300 ## - PHYSICAL DESCRIPTION | |
| Extent | 578 pages : |
| Other physical details | illustrations (chiefly color) ; |
| Dimensions | 29 cm |
| 336 ## - CONTENT TYPE | |
| Source | rdacontent |
| Content type term | text |
| Content type code | txt |
| 337 ## - MEDIA TYPE | |
| Media type term | unmediated |
| Source | rdamedia |
| Media type code | n |
| 338 ## - CARRIER TYPE | |
| Carrier type term | volume |
| Carrier type code | nc |
| Source | rdacarrier |
| 500 ## - GENERAL NOTE | |
| General note | Includes index. |
| 650 #7 - SUBJECT ADDED ENTRY--TOPICAL TERM | |
| 9 (RLIN) | 20629 |
| Topical term or geographic name as entry element | Chemistry |
| Form subdivision | Textbooks. |
| Source of heading or term | BUEsh |
| 655 ## - INDEX TERM--GENRE/FORM | |
| Form subdivision | Reading book |
| 700 1# - ADDED ENTRY--PERSONAL NAME | |
| 9 (RLIN) | 20628 |
| Personal name | Holme, Thomas A., |
| Relator term | author. |
| 942 ## - ADDED ENTRY ELEMENTS (KOHA) | |
| Source of classification or shelving scheme | Dewey Decimal Classification |
| Koha item type | NB - Book (Non borrowing) |
| Withdrawn status | Lost status | Source of classification or shelving scheme | Damaged status | Not for loan | Collection code | Home library | Current library | Shelving location | Date acquired | Source of acquisition | Total Checkouts | Full call number | Barcode | Date last seen | Koha item type | Total Renewals | Date checked out |
|---|---|---|---|---|---|---|---|---|---|---|---|---|---|---|---|---|---|
| Dewey Decimal Classification | Baccah | Central Library | Central Library | First floor | 26/10/2010 | Purchase | 540 BRO | 000021953 | 15/07/2025 | NB - Book (Non borrowing) | |||||||
| Dewey Decimal Classification | Baccah | Central Library | Central Library | First floor | 26/10/2010 | Purchase | 3 | 540 BRO | 000021952 | 15/07/2025 | Book - Borrowing | 5 | 02/10/2013 | ||||
| Dewey Decimal Classification | Baccah | Central Library | Central Library | First floor | 26/10/2010 | Purchase | 1 | 540 BRO | 000021951 | 15/07/2025 | Book - Borrowing | 2 | 03/11/2010 | ||||
| Dewey Decimal Classification | Baccah | Central Library | Central Library | First floor | 26/10/2010 | Purchase | 1 | 540 BRO | 000021950 | 15/07/2025 | Book - Borrowing | 02/01/2018 | |||||
| Dewey Decimal Classification | Baccah | Central Library | Central Library | First floor | 26/10/2010 | Purchase | 1 | 540 BRO | 000021954 | 15/07/2025 | Book - Borrowing | 04/11/2010 |